| 000 | 01199cam a22003375a 4500 | ||
|---|---|---|---|
| 001 | 17171115 | ||
| 005 | 20171119110246.0 | ||
| 008 | 120217t2011 vaua frb 001 0 eng d | ||
| 020 | _a9781562867010 | ||
| 040 |
_aDLC _cDLC _beng _dEG-ScBUE |
||
| 082 | 0 | 4 |
_222 _a658.3124 _bSTO |
| 100 | 1 | _aStolovitch, Harold D. | |
| 245 | 1 | 0 |
_aTelling ain't training / _cHarold D. Stolovitch and Erica J. Keeps ; with contributions from Marc J. Rosenberg. |
| 246 | 3 | _aTelling is not training | |
| 250 | _aUpdated, expanded, and enhanced, 2nd ed. | ||
| 260 |
_aAlexandria : _bASTD Press, _cc.2011. |
||
| 300 |
_axvi, 293 p. : _bill. ; _c26 cm. |
||
| 504 | _aIncludes bibliographical references and index. | ||
| 650 | 7 |
_aEmployees _xTraining of. _2BUEsh _933927 |
|
| 650 | 7 |
_aEmployee training personnel _xTraining of. _2BUEsh |
|
| 650 | 7 |
_aTraining. _2BUEsh |
|
| 650 | 7 |
_aLearning. _2BUEsh |
|
| 651 | _2BUEsh | ||
| 653 |
_bGGEN _cNovember2017 |
||
| 655 |
_vReading book _934232 |
||
| 700 | 1 | _aKeeps, Erica J. | |
| 700 | 1 |
_aRosenberg, Marc Jeffrey, _econtributor. |
|
| 710 | 2 | _aAmerican Society for Training and Development. | |
| 710 | 2 | _aInternational Society for Performance Improvement. | |
| 942 | _2ddc | ||
| 999 |
_c25604 _d25576 |
||